Datum a čas kvízu
32.5
Celkem bodů
Celkový počet nahraných bodů na tomto kvízu bez doplňovacích otázek.
2.
Pořadí na kvízu
Konečné umístění týmu na tomto kvízu.
Zaznamenané odpovědi
| # | Otázka | Odpověď | Body | Výsledky |
|---|---|---|---|---|
| 1. | Která sedmipodlažní budova obc... | Kotva | 1 | |
| 2. | K bezprecedentnímu kroku se od... | už nenabízí alkohol | 1 | |
| 3. | Cenu Czech Press Photo za rok... | D) v budově soudu | 0 | |
| 4. | V pondělí byl slavnostně otevř... | v Otrokovicích | 1 | |
| 5. | Ve čtvrtek byl potvrzen přestu... | Lewis Hamilton, Ferrari | 1 | |
| 6. | Ve třetím díle cestovatelského... | Jeseník | 1 | |
| 7. | Stále větší oblibě cestovatelů... | portugalština | 1 | |
| 8. | Ve kterém americkém městě může... | v Los Angeles | 1 | |
| 9. | S písmenem M se vracíme do Čes... | v Mníšku pod Brdy | 0 | |
| 10. | Ve kterém století byl vybudová... | v 19. století | 1 |